000 00628nam a2200181Ia 4500
008 090123s9999 xx 000 0 und d
082 _b16380
_a923.254/ओक
100 _aओक चारुशिला
245 _aआणि डॉ.काशिनाथ घाणेकर
250 _a1
260 _bआरती प्रकाशन
_c1988
300 _a211
600 _aओक चारुशिला
630 _aआणि डॉ.काशिनाथ घाणेकर
700 _aओक चारुशिला
730 _aआणि डॉ.काशिनाथ घाणेकर
942 _cBOOK
999 _c54444
_d54444